Problémy mezinárodního obchodu Sever-Jih jako hlavní příčina potíží světové obchodní organizace

Problémy a prekážky vo vyspelých a rozvojových ekonomikách brzdiace rozvoj medzinárodeného obchodu a jeho liberalizáciu. Genéza konfrontačných aspektov v agende WTO do vyhlásenia Katarského kola. Rozvojová agenda WTO po summite v Daho. Rozvojová rétorika verzus reálne záujmy. Príprava summitu v Hong...

ver descrição completa

Na minha lista:
Detalhes bibliográficos
Autor principal: Foltýn, Jaroslav
Formato: Capítulo de Livro
Idioma:tcheco
Assuntos:
Tags: Adicionar Tag
Sem tags, seja o primeiro a adicionar uma tag!

MARC

LEADER 00000naa$a2200000$$$4500
001 0064363
005 20231019131132.0
041 0 |a cze 
044 |a CZ 
245 1 0 |a Problémy mezinárodního obchodu Sever-Jih jako hlavní příčina potíží světové obchodní organizace  |c Jaroslav Foltýn 
520 |a Problémy a prekážky vo vyspelých a rozvojových ekonomikách brzdiace rozvoj medzinárodeného obchodu a jeho liberalizáciu. Genéza konfrontačných aspektov v agende WTO do vyhlásenia Katarského kola. Rozvojová agenda WTO po summite v Daho. Rozvojová rétorika verzus reálne záujmy. Príprava summitu v Hongkongu. 
610 2 0 |a obchod medzinárodný 
610 2 0 |a liberalizácia 
610 2 0 |a záujmy ekonomické 
610 2 0 |a krajiny vyspelé 
610 2 0 |a krajiny rozvojové 
610 2 0 |a Svetová obchodná organizácia 
100 1 |a Foltýn, Jaroslav